000 00356nam a22001337a 4500
020 _a9789380428611
082 _a639
_bKHI/SU
245 _aSustainable development of fisheries and livestock for food security
260 _aDelhi
_bNarendra Publishing House
_c2012
700 _aKhillare, Y.K
700 _aDash, M.C
700 _aPandey, B.N
942 _cBK
999 _c14010
_d14010